| 000 | 00832cam a2200229 a 4500 | ||
|---|---|---|---|
| 001 | 000017437 | ||
| 005 | 20200929165119.0 | ||
| 008 | 760730s1969 pr b s000 0 spa d | ||
| 040 |
_aDO-SdBNP _cspa _dBNPHU |
||
| 050 | 0 | 0 |
_aPC4117 _b.A738 1976 |
| 082 |
_a468/.6/421 _bA634, 1969 |
||
| 245 | 0 | 0 |
_aAntología de lecturas : _bcurso de español / _cnotas introductorias Mariana Robles de Cardona. |
| 250 | _a2a ed. | ||
| 260 |
_a[Río Piedras] : _bEditorial Universitaria, Universidad de Puerto Rico, _c1969. |
||
| 300 |
_av. : _bmapas ; _c22 cm. |
||
| 500 | _aIncluye notas al pie de las páginas. | ||
| 500 | _aLa biblioteca sólo posee volumen 2 (segundo semestre). | ||
| 650 | 0 |
_aSpanish language _xReaders. _938125 |
|
| 700 | 1 |
_aRobles de Cardona, Mariana, _cintrod. _938126 |
|
| 910 | _aCatalogación derivada | ||
| 049 | _aBNGR | ||
| 999 |
_c16962 _d16962 |
||